00422nam a2200157 450000500170000001000150001702000260003203500140005803700090007208200080008110000220008924500720011126000300018327000310021330000200024420250121123747.0 aENG-143462 a9789393384010c205.00 9aEN-126994 bDBAD a881 aMalik, Sankarsan  aWomen in Eighteenth Century Oriya Literature /cby Sankarsan Malik bBluerose Publishersc2024 mwww.bluerosepublishers.com a152p.c20cm(Hb)